| 000 | 00662nam a2200205Ia 4500 | ||
|---|---|---|---|
| 003 | GCL | ||
| 008 | 140319s9999 xx 000 0 ara d | ||
| 040 |
_aGCL / _cGCL |
||
| 082 | 0 | 4 |
_a252.4 _bا ز |
| 100 | 1 | _aاحمد اسماعيل يحيى | |
| 245 | 1 | 0 |
_aالزكاه : عبادة مالية واداة اقتصادية / _cاحمد اسماعيل يحيى |
| 300 | _a259 ص | ||
| 490 |
_aدراسات فى فقة الاموال _v0 |
||
| 650 | 0 | 4 | _aالزكاة احكام وشروط |
| 650 | 0 | 4 | _aالزكاة |
| 650 | 0 | 4 | _aزكاة المال |
| 650 | 0 | 4 | _aالعبادات( فقه اسلامى ) |
| 650 | 0 | 4 | _aزكاة الفطر |
| 942 |
_2ddc _cBK |
||
| 999 |
_c48878 _d48878 |
||